000 00670nam a2200253Ia 4500
003 OSt
005 20220918164301.0
006 a|||||r|||| 00| 0
007 ta
008 220917b |||||||| |||| 00| 0 eng d
020 _a0521266068
024 _a36,774
037 _cTextual
040 _aARTS
_cARTS
_beng
041 _2eng
_aeng
082 _aO12,1CCU:g, 111M5
100 _aWiseman T P
_918086
245 0 _aCatuilus and his world
_b A reappraisal
260 _aCambridge
_bCUP
_c1985
300 _a287p.
_ccm.
650 _aENGLISH LITERATURE
942 _hO12,1CCU:g, 111M5
_cTEXL
_2CC
999 _c124022
_d124022